[Event "SLO-HUN m U18"]
[Site "Bled"]
[Date "1998.??.??"]
[Round "2"]
[White "Stojnic, Miodrag"]
[Black "Kerek, Csaba"]
[Result "1/2-1/2"]
[WhiteElo "2155"]
[BlackElo "2380"]
[PlyCount "114"]
[EventDate "1998.??.??"]
[EventType "team"]
[EventRounds "2"]
[EventCountry "SLO"]
[SourceTitle "EXT 2000"]
[Source "ChessBase"]
[SourceDate "1999.11.16"]
[SourceVersion "1"]
[SourceVersionDate "1999.11.16"]
[SourceQuality "1"]

1. d4 Nf6 2. c4 g6 3. Nc3 Bg7 4. e4 d6 5. f3 0-0 6. Bg5 Nbd7 7. Qd2 a6 8. Nge2 c5 9. d5 Ne5 10. Ng3 b5 11. cxb5 c4 12. bxa6 Bxa6 13. Be2 Nd3+ 14. Bxd3 cxd3 15. Rb1 Nd7 16. 0-0 Qa5 17. Rfc1 Rfc8 18. Nf1 Rab8 19. Nd1 Rxc1 20. Qxc1 Qe1 21. Bd2 Bd4+ 22. Nde3 Qxc1 23. Bxc1 Nc5 24. b3 f5 25. exf5 gxf5 26. Bb2 Bxb2 27. Rxb2 f4 28. Nd1 Kf7 29. Nc3 Kf6 30. b4 Ke5 31. Rb1 Nd7 32. b5 Bb7 33. Rb4 Bxd5 34. a4 Nf6 35. Nxd5 Nxd5 36. Re4+ Kf5 37. Rd4 Nc3 38. Rxd3 Nxa4 39. Rd5+ Ke6 40. Rd4 Nc3 41. Rc4 Nd5 42. g3 fxg3 43. hxg3 Rxb5 44. Rh4 Nf6 45. Nd2 d5 46. Kf2 Kf5 47. Ke3 e5 48. Ra4 h5 49. Ra8 Rc5 50. Kd3 Rc1 51. Ke2 Rc3 52. Kf2 Rc2 53. Ke1 Rc3 54. Kf2 e4 55. fxe4+ dxe4 56. Ra5+ Ke6 57. Ra6+ Ke5 1/2-1/2

[Event "SLO-ch U20"]
[Site "Bled"]
[Date "1998.??.??"]
[Round "?"]
[White "Stojnic, Miodrag"]
[Black "Podkriznik, Gregor"]
[Result "1/2-1/2"]
[WhiteElo "2130"]
[BlackElo "2295"]
[PlyCount "90"]
[EventDate "1998.??.??"]
[EventType "swiss"]
[EventRounds "9"]
[EventCountry "SLO"]
[SourceTitle "EXT 2000"]
[Source "ChessBase"]
[SourceDate "1999.11.16"]
[SourceVersion "1"]
[SourceVersionDate "1999.11.16"]
[SourceQuality "1"]

1. d4 Nf6 2. c4 g6 3. Nc3 Bg7 4. e4 0-0 5. f3 d6 6. Bg5 c5 7. d5 h6 8. Be3 e6 9. Qd2 exd5 10. cxd5 Nh7 11. Nge2 Nd7 12. Ng3 h5 13. Be2 h4 14. Nf1 a6 15. Bh6 Ne5 16. Bxg7 Kxg7 17. Ne3 g5 18. a4 b6 19. Nc4 Ng6 20. Rb1 Rb8 21. b4 Qc7 22. bxc5 dxc5 23. Rb2 f6 24. 0-0 Ne5 25. Rfb1 Nxc4 26. Bxc4 Rd8 27. Qe2 a5 28. Ba6 Nf8 29. Bxc8 Rdxc8 30. Nb5 Qd7 31. Qc4 Rd8 32. Na3 Qc7 33. Qa6 Nd7 34. Nc4 h3 35. Nxb6 Qf4 36. Nc4 Rxb2 37. Rxb2 hxg2 38. Rxg2 Qxf3 39. Qe6 Qd1+ 40. Kf2 Qc2+ 41. Kg1 Qxc4 42. Qe7+ Kg6 43. Qxd8 Qc1+ 44. Kf2 Qd2+ 45. Kf1 Qd1+ 1/2-1/2

[Event "SLO-chT U18"]
[Site "Rogaska Slatina"]
[Date "1998.??.??"]
[Round "?"]
[White "Supancic, Robert"]
[Black "Stojnic, Miodrag"]
[Result "1-0"]
[WhiteElo "1870"]
[BlackElo "2150"]
[PlyCount "53"]
[EventDate "1998.??.??"]
[EventType "team"]
[EventRounds "7"]
[EventCountry "SLO"]
[SourceTitle "EXT 2000"]
[Source "ChessBase"]
[SourceDate "1999.11.16"]
[SourceVersion "1"]
[SourceVersionDate "1999.11.16"]
[SourceQuality "1"]

1. e4 c6 2. d4 d5 3. f3 g6 4. Be3 Bg7 5. Nc3 Nf6 6. Nge2 Na6 7. Qd2 Qb6 8. e5 Nd7 9. 0-0-0 h5 10. e6 fxe6 11. Nf4 Nf8 12. Bd3 g5 13. Ng6 Rg8 14. Nxf8 Kxf8 15. Bh7 Rh8 16. Bg6 Qc7 17. Bxg5 e5 18. dxe5 Qxe5 19. f4 Qd6 20. f5 Bd7 21. f6 exf6 22. Ne4 Qb4 23. c3 Qa4 24. Nxf6 Be6 25. Rhf1 Qxa2 26. Nxd5+ Kg8 27. Ne7# 1-0

[Event "Bled op 18th"]
[Site "Bled"]
[Date "1997.??.??"]
[Round "7"]
[White "Pap, Misa"]
[Black "Stojnic, Miodrag"]
[Result "1-0"]
[WhiteElo "2285"]
[BlackElo "2105"]
[PlyCount "69"]
[EventDate "1997.03.15"]
[EventType "swiss"]
[EventRounds "9"]
[EventCountry "SLO"]
[SourceTitle "CBM 057 Extra"]
[Source "ChessBase"]
[SourceDate "1997.05.01"]
[SourceVersion "1"]
[SourceVersionDate "1997.05.01"]
[SourceQuality "1"]

1. e4 Nf6 2. e5 Nd5 3. d4 d6 4. c4 Nb6 5. exd6 exd6 6. Nc3 Be7 7. Be3 Nc6 8. Qf3 0-0 9. 0-0-0 Na5 10. b3 Bd7 11. Bd3 c5 12. Nge2 Nc6 13. Qg3 f5 14. h4 Rf7 15. d5 Ne5 16. Bc2 Rb8 17. Nf4 Na8 18. Ne6 Qa5 19. Bg5 Re8 20. Bxe7 Rexe7 21. Rhe1 Nc7 22. f4 Ng6 23. h5 Nf8 24. Nd8 Rxe1 25. Rxe1 Rf6 26. Nxb7 Qb6 27. Nd8 Ne8 28. Nc6 Bxc6 29. dxc6 Re6 30. Bxf5 Rxe1+ 31. Qxe1 Qxc6 32. Nd5 Qa8 33. Qe7 Qb8 34. g4 Qa8 35. g5 1-0

[Event "EU-ch U18"]
[Site "Tallinn"]
[Date "1997.??.??"]
[Round "1"]
[White "Stojnic, Miodrag"]
[Black "Grund, Holger"]
[Result "1-0"]
[WhiteElo "2130"]
[BlackElo "2325"]
[PlyCount "83"]
[EventDate "1997.??.??"]
[EventType "swiss"]
[EventRounds "9"]
[EventCountry "EST"]
[SourceTitle "EXT 1998"]
[Source "ChessBase"]
[SourceDate "1997.11.17"]
[SourceVersion "1"]
[SourceVersionDate "1997.11.17"]
[SourceQuality "1"]

1. d4 d5 2. c4 dxc4 3. Nf3 Nf6 4. Nc3 c6 5. e4 b5 6. e5 Nd5 7. a4 e6 8. g3 Bb7 9. Nxd5 Qxd5 10. Bg2 Bb4+ 11. Kf1 a6 12. Ng5 Qd7 13. Ne4 h6 14. b3 cxb3 15. Be3 a5 16. Qxb3 bxa4 17. Rxa4 Ba6+ 18. Kg1 0-0 19. Qd1 Rd8 20. Nf6+ gxf6 21. Qg4+ Kh7 22. exf6 Rg8 23. Be4+ Rg6 24. h4 Kh8 25. Bxg6 fxg6 26. Qxg6 Ra7 27. d5 c5 28. Bxh6 exd5 29. Bg7+ Kg8 30. Rxb4 axb4 31. Qh5 Nc6 32. Kh2 Nd4 33. Re1 Ne6 34. Qh8+ Kf7 35. Qh5+ Kg8 36. Qh8+ Kf7 37. Qh5+ Kg8 38. Bh6 Bd3 39. Qg4+ Ng7 40. Qg5 Qf5 41. Re8+ Kf7 42. Re7+ 1-0

[Event "Ljubljana op 8th"]
[Site "Ljubljana"]
[Date "1997.??.??"]
[Round "3"]
[White "Stojnic, Miodrag"]
[Black "Kogan, Artur"]
[Result "0-1"]
[WhiteElo "2105"]
[BlackElo "2515"]
[PlyCount "90"]
[EventDate "1997.06.??"]
[EventType "swiss"]
[EventRounds "9"]
[EventCountry "SLO"]
[SourceTitle "EXT 1998"]
[Source "ChessBase"]
[SourceDate "1997.11.17"]
[SourceVersion "1"]
[SourceVersionDate "1997.11.17"]
[SourceQuality "1"]

1. d4 Nf6 2. c4 c5 3. d5 b5 4. e4 Nxe4 5. Qf3 Qa5+ 6. Nd2 Nd6 7. cxb5 Bb7 8. Nh3 e6 9. Nf4 Nxb5 10. b4 Qc7 11. Bxb5 Qe5+ 12. Qe2 Qxa1 13. 0-0 Bd6 14. Ne4 Qe5 15. Bb2 Qxf4 16. g3 Qxe4 17. Qxe4 Bxd5 18. Qg4 Rg8 19. Rc1 Nc6 20. bxc5 Be7 21. Qa4 Rb8 22. Ba1 f6 23. Bd3 Kf7 24. Qh4 Rh8 25. Qh5+ g6 26. Qe2 Rb4 27. Bc3 Ra4 28. Bb1 Rc4 29. Bb2 Nd4 30. Qd3 Nf3+ 31. Kf1 Nxh2+ 32. Ke2 Rxc1 33. Bxc1 Bxc5 34. Be3 Bxe3 35. Qxe3 Rb8 36. Qh6 Rb2+ 37. Kd3 Nf3 38. Qxh7+ Kf8 39. Qh6+ Kf7 40. Qh7+ Kf8 41. Qh8+ Ke7 42. Qg7+ Kd6 43. Qf8+ Ke5 44. Qc5 Rxb1 45. Qe3+ Kd6 0-1

[Event "SLO-ch U18"]
[Site "Kranj"]
[Date "1996.??.??"]
[Round "3"]
[White "Ivanovic, Andrej"]
[Black "Stojnic, Miodrag"]
[Result "0-1"]
[WhiteElo "1880"]
[BlackElo "2090"]
[PlyCount "60"]
[EventDate "1996.??.??"]
[EventType "swiss"]
[EventRounds "9"]
[EventCountry "SLO"]
[SourceTitle "EXT 1998"]
[Source "ChessBase"]
[SourceDate "1997.11.17"]
[SourceVersion "1"]
[SourceVersionDate "1997.11.17"]
[SourceQuality "1"]

1. Nf3 d5 2. c4 c6 3. g3 Bg4 4. Bg2 Nf6 5. 0-0 e6 6. b3 Bd6 7. Bb2 Nbd7 8. d3 0-0 9. Nbd2 Qe7 10. a3 a5 11. Qc2 Rfe8 12. e4 dxe4 13. Nxe4 Nxe4 14. dxe4 e5 15. Rfd1 Rad8 16. Rd2 f6 17. h3 Bxf3 18. Bxf3 Nf8 19. Bg4 g6 20. h4 h5 21. Bh3 Bc5 22. Bc3 b6 23. a4 Rxd2 24. Bxd2 Rd8 25. Bh6 Qd6 26. Ra2 Qd3 27. Qxd3 Rxd3 28. Rd2 Rxg3+ 29. Kh2 Rxb3 30. Rd8 Kf7 0-1

[Event "SLO-ch U18"]
[Site "Kranj"]
[Date "1996.??.??"]
[Round "5"]
[White "Kostanjevec, Tomaz"]
[Black "Stojnic, Miodrag"]
[Result "0-1"]
[WhiteElo "1795"]
[BlackElo "2090"]
[PlyCount "32"]
[EventDate "1996.??.??"]
[EventType "swiss"]
[EventRounds "9"]
[EventCountry "SLO"]
[SourceTitle "EXT 1998"]
[Source "ChessBase"]
[SourceDate "1997.11.17"]
[SourceVersion "1"]
[SourceVersionDate "1997.11.17"]
[SourceQuality "1"]

1. Nf3 d5 2. d4 Nf6 3. Bg5 Ne4 4. Bf4 c5 5. e3 Qb6 6. Qc1 Nc6 7. c3 cxd4 8. exd4 Bf5 9. Nh4 Bd7 10. Be2 g5 11. f3 gxf4 12. fxe4 dxe4 13. Na3 Bh6 14. Nc4 Qc7 15. g3 Bh3 16. Rg1 Rg8 0-1

[Event "Ceske Budejovice op"]
[Site "Ceske Budejovice"]
[Date "1996.??.??"]
[Round "5"]
[White "Maskova, Jana"]
[Black "Stojnic, Miodrag"]
[Result "1/2-1/2"]
[WhiteElo "2255"]
[BlackElo "2090"]
[PlyCount "55"]
[EventDate "1996.??.??"]
[EventType "swiss"]
[EventRounds "9"]
[EventCountry "CZE"]
[SourceTitle "EXT 2001"]
[Source "ChessBase"]
[SourceDate "2000.11.22"]
[SourceVersion "1"]
[SourceVersionDate "2000.11.22"]
[SourceQuality "1"]

1. e4 Nf6 2. e5 Nd5 3. d4 d6 4. Nf3 dxe5 5. Nxe5 Nd7 6. Be2 e6 7. c4 N5f6 8. 0-0 Bd6 9. Nxd7 Nxd7 10. Nc3 0-0 11. Bf3 e5 12. Be3 exd4 13. Bxd4 Ne5 14. Be2 Qh4 15. g3 Qh3 16. Bxe5 Bxe5 17. Nd5 Be6 18. Qc2 c6 19. Nc3 f5 20. f4 Bd4+ 21. Kh1 Rf6 22. Rf3 Rh6 23. Bf1 Qh5 24. Rd3 Bf6 25. Re3 Bd4 26. Rd3 Bf6 27. Re3 Bd4 28. Rd3 1/2-1/2

[Event "Bled op 17th"]
[Site "Bled"]
[Date "1996.??.??"]
[Round "7"]
[White "Mazi, Leon"]
[Black "Stojnic, Miodrag"]
[Result "1-0"]
[WhiteElo "2330"]
[BlackElo "2090"]
[PlyCount "67"]
[EventDate "1996.03.??"]
[EventType "swiss"]
[EventRounds "9"]
[EventCountry "SLO"]
[SourceTitle "CBM 051 Extra"]
[Source "ChessBase"]
[SourceDate "1996.05.01"]
[SourceVersion "1"]
[SourceVersionDate "1996.05.01"]
[SourceQuality "1"]

1. e4 c5 2. Nf3 g6 3. d4 cxd4 4. Nxd4 Bg7 5. Nc3 Nc6 6. Nde2 Nf6 7. g3 0-0 8. Bg2 d6 9. 0-0 Bd7 10. h3 Ne5 11. a4 Qc8 12. Nf4 Re8 13. Kh2 Nc4 14. Qe2 h6 15. Nd3 Nh7 16. Nd1 Rb8 17. Ra2 Nb6 18. a5 Na4 19. Be3 b6 20. axb6 axb6 21. Qd2 h5 22. f4 Nc5 23. Nb4 Nf6 24. Nc3 Be6 25. Ra7 Bc4 26. Re1 Nfd7 27. Bd4 b5 28. Bxg7 Kxg7 29. b3 Be6 30. f5 Bxb3 31. cxb3 Nxb3 32. Qb2 Nbc5 33. Ncd5+ Kh7 34. Rc7 1-0

[Event "Ljubljana op 7th"]
[Site "Ljubljana"]
[Date "1996.??.??"]
[Round "2"]
[White "Soln, Primoz"]
[Black "Stojnic, Miodrag"]
[Result "1-0"]
[WhiteElo "2340"]
[BlackElo "2090"]
[PlyCount "47"]
[EventDate "1996.06.??"]
[EventType "swiss"]
[EventRounds "9"]
[EventCountry "SLO"]
[SourceTitle "CBM 053 Extra"]
[Source "ChessBase"]
[SourceDate "1996.09.01"]
[SourceVersion "1"]
[SourceVersionDate "1996.09.01"]
[SourceQuality "1"]

1. d4 d5 2. c4 c6 3. Nc3 Nf6 4. Nf3 e6 5. Bg5 dxc4 6. e4 b5 7. e5 h6 8. Bh4 g5 9. exf6 gxh4 10. Ne5 Qxf6 11. a4 Bb4 12. Be2 Bb7 13. Bf3 Qe7 14. 0-0 Bxc3 15. bxc3 a6 16. Qb1 h5 17. Qe4 Ra7 18. Qf4 Ra8 19. Rfe1 Rh7 20. axb5 cxb5 21. d5 Rg7 22. d6 Bxf3 23. dxe7 Bxg2 24. f3 1-0

[Event "Plzen op-A U18"]
[Site "Plzen"]
[Date "1996.??.??"]
[Round "1"]
[White "Stojnic, Miodrag"]
[Black "Cedikova, Katerina"]
[Result "1-0"]
[WhiteElo "2090"]
[BlackElo "1845"]
[PlyCount "101"]
[EventDate "1996.??.??"]
[EventType "swiss"]
[EventRounds "9"]
[EventCountry "CZE"]
[SourceTitle "EXT 1998"]
[Source "ChessBase"]
[SourceDate "1997.11.17"]
[SourceVersion "1"]
[SourceVersionDate "1997.11.17"]
[SourceQuality "1"]

1. d4 d5 2. c4 e6 3. Nc3 c5 4. cxd5 exd5 5. Nf3 Nc6 6. g3 Nf6 7. Bg2 Be7 8. 0-0 0-0 9. b3 Re8 10. dxc5 Bxc5 11. Na4 Bf8 12. Nb2 Bg4 13. Be3 Qd7 14. a3 Ne4 15. Re1 Rad8 16. Nd3 d4 17. Bd2 f6 18. b4 Nxd2 19. Nxd2 Ne5 20. Nb3 Nxd3 21. Qxd3 Bf5 22. Qd2 b6 23. Rac1 Be4 24. Bxe4 Rxe4 25. Qd3 f5 26. Red1 Qe6 27. e3 dxe3 28. Qxd8 exf2+ 29. Kf1 Re1+ 30. Rxe1 fxe1Q+ 31. Rxe1 Qc4+ 32. Re2 Qxb3 33. Qd2 Qf3+ 34. Kg1 Qxa3 35. Qd5+ Kh8 36. Qxf5 Qc1+ 37. Kg2 Qc6+ 38. Qf3 Qxf3+ 39. Kxf3 Kg8 40. b5 Kf7 41. Ra2 Kf6 42. Rxa7 Bc5 43. Ke4 h5 44. Rc7 Bg1 45. h3 g6 46. Rc6+ Kf7 47. Rc1 Bh2 48. Kf3 h4 49. Rc7+ Kf8 50. Rc6 Bxg3 51. Rxb6 1-0

[Event "Plzen op-A U18"]
[Site "Plzen"]
[Date "1996.??.??"]
[Round "7"]
[White "Stojnic, Miodrag"]
[Black "Cichy, Miroslav"]
[Result "1-0"]
[WhiteElo "2090"]
[BlackElo "1925"]
[PlyCount "65"]
[EventDate "1996.??.??"]
[EventType "swiss"]
[EventRounds "9"]
[EventCountry "CZE"]
[SourceTitle "EXT 1998"]
[Source "ChessBase"]
[SourceDate "1997.11.17"]
[SourceVersion "1"]
[SourceVersionDate "1997.11.17"]
[SourceQuality "1"]

1. d4 Nf6 2. c4 c5 3. d5 b5 4. cxb5 a6 5. f3 d6 6. e4 g6 7. Nc3 Bg7 8. Bc4 0-0 9. Nge2 axb5 10. Bxb5 Ba6 11. 0-0 Qa5 12. a4 Bxb5 13. Nxb5 Na6 14. Bd2 Nb4 15. Bc3 Nd7 16. b3 Ne5 17. Qd2 Ned3 18. Nc1 Bxc3 19. Qxc3 Nxc1 20. Rfxc1 f6 21. Qc4 Qb6 22. Re1 Qb7 23. Rad1 Rf7 24. f4 Raf8 25. h3 Qd7 26. Nd4 Rb8 27. Ne6 h6 28. e5 fxe5 29. fxe5 Rf5 30. Qg4 Kh7 31. Rf1 Qe8 32. Rxf5 gxf5 33. Qg7# 1-0

[Event "Plzen op-A U18"]
[Site "Plzen"]
[Date "1996.??.??"]
[Round "5"]
[White "Stojnic, Miodrag"]
[Black "Navara, David"]
[Result "1-0"]
[WhiteElo "2090"]
[BlackElo "2140"]
[PlyCount "55"]
[EventDate "1996.??.??"]
[EventType "swiss"]
[EventRounds "9"]
[EventCountry "CZE"]
[SourceTitle "EXT 1998"]
[Source "ChessBase"]
[SourceDate "1997.11.17"]
[SourceVersion "1"]
[SourceVersionDate "1997.11.17"]
[SourceQuality "1"]

1. d4 Nf6 2. c4 e6 3. Nc3 d5 4. cxd5 Nxd5 5. e4 Nxc3 6. bxc3 c5 7. Nf3 cxd4 8. cxd4 Bb4+ 9. Bd2 Bxd2+ 10. Qxd2 0-0 11. Be2 Nc6 12. 0-0 Bd7 13. Rab1 Rb8 14. Rfd1 Qe7 15. Qf4 Rfd8 16. Rd2 b6 17. Bb5 Na5 18. a4 Bxb5 19. axb5 Rbc8 20. Rdd1 Rc4 21. Rbc1 Qb4 22. h3 Nb3 23. Rb1 Qxb5 24. Ne5 Rc7 25. Qe3 Qa4 26. Qxb3 Qxb3 27. Rxb3 f6 28. Nf3 1-0

[Event "SLO-chT 06th"]
[Site "Bled"]
[Date "1996.??.??"]
[Round "1"]
[White "Stojnic, Miodrag"]
[Black "Pahor, Milos"]
[Result "1-0"]
[WhiteElo "2090"]
[BlackElo "1895"]
[PlyCount "83"]
[EventDate "1996.??.??"]
[EventType "team-tourn"]
[EventRounds "7"]
[EventCountry "SLO"]
[SourceTitle "CBM 055 Extra"]
[Source "ChessBase"]
[SourceDate "1997.01.01"]
[SourceVersion "1"]
[SourceVersionDate "1997.01.01"]
[SourceQuality "1"]
[WhiteTeam "Ljubljana LSK"]
[BlackTeam "Nova Gorica"]
[WhiteTeamCountry "SLO"]
[BlackTeamCountry "SLO"]

1. d4 d5 2. c4 e6 3. Nc3 Nf6 4. Bg5 Nbd7 5. e3 c6 6. Nf3 Be7 7. Rc1 0-0 8. Bd3 dxc4 9. Bxc4 Nd5 10. Bxe7 Qxe7 11. 0-0 Nxc3 12. Rxc3 e5 13. dxe5 Nxe5 14. Nxe5 Qxe5 15. f4 Qf6 16. f5 b6 17. Rd3 Qxb2 18. f6 Qe5 19. Qf3 g6 20. Qxc6 Rb8 21. Qd6 Qxd6 22. Rxd6 Bf5 23. Ba6 h6 24. Kf2 Rfe8 25. Rfd1 Re6 26. Bc4 Rxd6 27. Rxd6 Rc8 28. Bb3 b5 29. Kf3 a5 30. e4 a4 31. Bd5 Be6 32. Bxe6 fxe6 33. Rxe6 Rc2 34. Rb6 Rxa2 35. Rxb5 Kf7 36. e5 a3 37. Rb7+ Kf8 38. e6 Rb2 39. Ra7 Rb3+ 40. Ke4 Rb4+ 41. Kd5 Rb8 42. Rxa3 1-0

[Event "Plzen op-A U18"]
[Site "Plzen"]
[Date "1996.??.??"]
[Round "3"]
[White "Stojnic, Miodrag"]
[Black "Sluka, Radek"]
[Result "0-1"]
[WhiteElo "2090"]
[BlackElo "2350"]
[PlyCount "78"]
[EventDate "1996.??.??"]
[EventType "swiss"]
[EventRounds "9"]
[EventCountry "CZE"]
[SourceTitle "EXT 1998"]
[Source "ChessBase"]
[SourceDate "1997.11.17"]
[SourceVersion "1"]
[SourceVersionDate "1997.11.17"]
[SourceQuality "1"]

1. d4 Nf6 2. c4 c5 3. d5 b5 4. cxb5 a6 5. e3 Bb7 6. Nc3 Qa5 7. Bd2 axb5 8. Bxb5 Na6 9. Nge2 Qb6 10. 0-0 Nc7 11. Bc4 Ncxd5 12. Nxd5 Nxd5 13. e4 Nf6 14. f3 e6 15. a4 Ba6 16. a5 Qb7 17. Bxa6 Rxa6 18. Nc3 Be7 19. e5 Nd5 20. Nxd5 Qxd5 21. Qe2 Qb7 22. Bc3 0-0 23. f4 f5 24. Qc4 Rb8 25. Rfd1 Qc6 26. Rxd7 Rxa5 27. Rad1 Ra1 28. Rxa1 Qxd7 29. Ra6 Kf7 30. Qa2 Rd8 31. h3 h6 32. Kh2 g5 33. fxg5 hxg5 34. b4 g4 35. bxc5 Bxc5 36. Bb4 f4 37. Bxc5 g3+ 38. Kh1 Qd1+ 39. Bg1 Qxg1+ 0-1

[Event "Bled op 17th"]
[Site "Bled"]
[Date "1996.??.??"]
[Round "6"]
[White "Stojnic, Miodrag"]
[Black "Soln, Primoz"]
[Result "1/2-1/2"]
[WhiteElo "2090"]
[BlackElo "2340"]
[PlyCount "63"]
[EventDate "1996.03.??"]
[EventType "swiss"]
[EventRounds "9"]
[EventCountry "SLO"]
[SourceTitle "CBM 051 Extra"]
[Source "ChessBase"]
[SourceDate "1996.05.01"]
[SourceVersion "1"]
[SourceVersionDate "1996.05.01"]
[SourceQuality "1"]

1. d4 Nc6 2. c4 e5 3. d5 Nce7 4. Nc3 d6 5. e4 g6 6. Bd3 f5 7. exf5 Nxf5 8. Nf3 Bh6 9. Bxh6 Ngxh6 10. Qd2 Nf7 11. 0-0-0 Nh4 12. Nxh4 Qxh4 13. g3 Qh6 14. f4 Bg4 15. Rdf1 0-0-0 16. f5 Bh3 17. Rf2 Rdf8 18. fxg6 hxg6 19. Qxh6 Nxh6 20. Rxf8+ Rxf8 21. Bxg6 Ng4 22. Nd1 Kd8 23. Bh5 Nf6 24. Bf3 Nh7 25. Be2 Ng5 26. Kd2 c6 27. Rg1 cxd5 28. cxd5 Ne4+ 29. Ke3 Nf6 30. Nc3 Ng4+ 31. Bxg4 Bxg4 32. Rg2 1/2-1/2

[Event "Ceske Budejovice op"]
[Site "Ceske Budejovice"]
[Date "1996.??.??"]
[Round "1"]
[White "Stojnic, Miodrag"]
[Black "Soln, Primoz"]
[Result "1/2-1/2"]
[WhiteElo "2090"]
[BlackElo "2340"]
[PlyCount "84"]
[EventDate "1996.??.??"]
[EventType "swiss"]
[EventRounds "9"]
[EventCountry "CZE"]
[SourceTitle "EXT 2001"]
[Source "ChessBase"]
[SourceDate "2000.11.22"]
[SourceVersion "1"]
[SourceVersionDate "2000.11.22"]
[SourceQuality "1"]

1. d4 d5 2. c4 c6 3. Nc3 e6 4. e3 Nd7 5. Nf3 f5 6. cxd5 exd5 7. Bd3 Qf6 8. Qc2 Nh6 9. Bd2 Bd6 10. Ne2 0-0 11. b4 Nb6 12. 0-0 Be6 13. Nf4 Bf7 14. Nh3 Qe7 15. Nfg5 Bg6 16. Rab1 Ng4 17. Nf3 Nc4 18. Bxc4 dxc4 19. Nf4 b5 20. h3 Nf6 21. Nxg6 hxg6 22. Nh4 Kh7 23. Nf3 Ne4 24. Rfe1 Rae8 25. Bc3 Kg8 26. a3 g5 27. Ba1 g4 28. Ne5 gxh3 29. f3 h2+ 30. Kxh2 Bxe5+ 31. dxe5 Qh4+ 32. Kg1 Ng3 33. Red1 g5 34. Rd4 Qh6 35. Rd6 Re6 36. Rxe6 Qxe6 37. Rd1 Qh6 38. Kf2 Qh2 39. Rd4 Nh1+ 40. Kf1 Qxe5 41. Qc3 Ng3+ 42. Kf2 Re8 1/2-1/2

[Event "SLO-chT 06th"]
[Site "Bled"]
[Date "1996.??.??"]
[Round "3"]
[White "Stojnic, Miodrag"]
[Black "Volcansek, Robert"]
[Result "1-0"]
[WhiteElo "2090"]
[BlackElo "1895"]
[PlyCount "71"]
[EventDate "1996.??.??"]
[EventType "team-tourn"]
[EventRounds "7"]
[EventCountry "SLO"]
[SourceTitle "CBM 055 Extra"]
[Source "ChessBase"]
[SourceDate "1997.01.01"]
[SourceVersion "1"]
[SourceVersionDate "1997.01.01"]
[SourceQuality "1"]
[WhiteTeam "Ljubljana LSK"]
[BlackTeam "Krsko Triglav"]
[WhiteTeamCountry "SLO"]
[BlackTeamCountry "SLO"]

1. d4 d5 2. c4 dxc4 3. e4 e6 4. Nc3 a6 5. Bxc4 b5 6. Bb3 Bb7 7. d5 e5 8. Nf3 Bd6 9. Bg5 f6 10. Be3 Nd7 11. 0-0 Ne7 12. Re1 Ng6 13. Rc1 0-0 14. a3 Kh8 15. Ba2 b4 16. axb4 Bxb4 17. Nd2 Rc8 18. Qg4 c6 19. Red1 Bxc3 20. Rxc3 cxd5 21. exd5 Qe7 22. d6 Qd8 23. Bb1 e4 24. Bxe4 Bxe4 25. Qxe4 f5 26. Qa4 Rxc3 27. bxc3 f4 28. Bd4 a5 29. Nf3 Nf6 30. Bc5 Ng4 31. d7 Rg8 32. Qb5 N6e5 33. Nxe5 Nxe5 34. Bb6 Nf3+ 35. gxf3 Qh4 36. d8Q 1-0

[Event "Finkenstein op"]
[Site "Finkenstein"]
[Date "1996.??.??"]
[Round "1"]
[White "Stojnic, Miodrag"]
[Black "Walter, Thomas"]
[Result "1-0"]
[WhiteElo "2090"]
[BlackElo "1705"]
[PlyCount "55"]
[EventDate "1996.??.??"]
[EventType "swiss"]
[EventRounds "9"]
[EventCountry "AUT"]
[SourceTitle "EXT 1997"]
[Source "ChessBase"]
[SourceDate "1996.11.15"]
[SourceVersion "1"]
[SourceVersionDate "1996.11.15"]
[SourceQuality "1"]

1. d4 Nf6 2. c4 e6 3. Nc3 d5 4. cxd5 Nxd5 5. e4 Nb6 6. Nf3 Nc6 7. Be3 Bd7 8. Be2 Be7 9. 0-0 0-0 10. a3 a6 11. d5 Na7 12. Qd2 Nb5 13. Rfd1 Nxc3 14. Qxc3 exd5 15. exd5 Bf6 16. Qb4 a5 17. Qf4 Ba4 18. Bxb6 Bxd1 19. Bxc7 Qxd5 20. Rxd1 Qe6 21. Bc4 Qc6 22. Be5 Rad8 23. Rc1 Qb6 24. Bc7 Qxb2 25. Bxd8 Rxd8 26. Re1 b5 27. Qc7 Rf8 28. Qxf7+ 1-0